000 00488cam a2200193 4500
001 D7571
008 090401t1980 xxu||||| |||| 00| 0 eng d
035 _a(Sirsi) u94372
041 _aeng
050 _a690.24
100 _aNoble, V.
245 4 _aThe value of building maintenance
260 _aAscot, Berks
_bThe Chartered Institute of Building
_c1980
300 _a2p. 30cm
350 _a0
490 _aMaintenance Information Service
_v13
942 _n0
948 _c04/03/1997
999 _c98003
_d98003